000 00390nam a22001697a 4500
003 NUST - PNEC
005 20170116180831.0
008 150731b xxu||||| |||| 00| 0 eng d
020 _a-
040 _cLIBRARY
082 _a515 BOY
100 _94644
_aBoyce, William E.
245 _aCalculus
_cWilliam E. Boyce
260 _cc.1988
650 _94645
_aCalculus
_xME
942 _2ddc
_cBK
999 _c64030
_d64030